LEADER 01343nam a2200313 u 4500 001 000000061682 003 CaOOAMICUS 005 20160909135646.0 008 010911s1974 it c u000 u ita u 032 $aLibriCat 035 $a10902352 040 $aPUL$bita 041 1 $aita$hger 100 1 $aWittgenstein, Ludwig,$d1889-1951.$0(OLS)http://pul/name/8445 240 10$aBriefe an Ludwig von Ficker.$lItaliano.$0(OLS)http://pul/title/82348 245 10$aLettere a Ludwig von Ficker /$cLudwig Wittgenstein ; prefazione all'edizione italiana di Dario Antiseri. 260 $aRoma :$bA. Armando,$c1974. 300 $a149 p., [1] c. di tav. :$bant. (ritr.) ;$c22 cm 490 1 $aFilosofia e problemi d'oggi ;$v35 600 14$aFicker, Ludwig von,$d1880-1967.$0(OLS)http://pul/subject/23535 700 1 $aAntiseri, Dario,$d1940-$0(OLS)http://pul/name/1978 830 0$aFilosofia e problemi d'oggi ;$v35.$0(OLS)http://pul/title/7949 850 $aPUL 852 $aPUL$W1$xDP2 Filosofia 3$y112$m193 WITLU 10$j176874$nBK-PRI$b $qDDC 21$B80318$CPULBib$Z2$F80318 $H85483 $81 941 1 $a9 961 $aprecedente collocazione: Fil 138 996 $6245$aLettere a Ludwig von Ficker$9(OLS)http://pul/title/82349 996 $6260$aRoma :$bA. Armando$9(OLS)http://pul/publisher/50895 LEADER 01596nam a2200325 a 4500 001 000000143750 003 CaOOAMICUS 005 20150603111801.0 008 150603s2002 it u000 u ita r 020 $a88-8454-017-8 040 $aPUL$bita 082 04$a305.42 245 00$aDonna e culture :$bdalla prospettiva di un nuovo femminismo /$ca cura di Paolo Scarafoni ; contributi di: Angela Ales Bello ... [et al.]. 260 $aRoma :$bAteneo Pontificio Regina Apostolorum ;$aRoma :$bLogos,$cİ2002. 300 $a208 p. ;$c21 cm 490 1 $aAtti di congresso / Ateneo Pontificio Regina Apostolorum ;$v01 504 $aBibliografia in nota. 650 4$aDonna$xEmancipazione e femminismo.$0(OLS)http://pul/subject/25476 700 1 $aAles Bello, Angela,$d1939-$0(OLS)http://pul/name/22845 700 1 $aScarafoni, Paolo,$cL.C.,$d1956-$0(OLS)http://pul/name/36000 830 0$aAtti di congresso (Ateneo Pontificio Regina Apostolorum) ;$v01.$0(OLS)http://pul/title/167492 850 $aPUL 852 $aPUL$W1$xDP2 Diritto e Scienze Sociali 3$y110$m305. 42 SCAPA 1$j165850$qDDC 21$B166223$CPULBib$Z2$F166223 $H125968 $82 941 1 $a9 996 $6020$a88-8454-017-8$9(OLS)http://pul/number/157714 996 $6082$a305.42$9(OLS)http://pul/classification/1874 996 $6245$aDonna e culture :$bdalla prospettiva di un nuovo femminismo$9(OLS)http://pul/title/181858 996 $6260$aRoma :$bAteneo Pontificio Regina Apostolorum$9(OLS)http://pul/publisher/74684 996 $6260$aRoma :$bLogos$9(OLS)http://pul/publisher/52093